000 00652nam a2200241Ia 4500
003 OSt
005 20221007072251.0
006 a|||||r|||| 00| 0
007 ta
008 221006b |||||||| |||| 00| 0 eng d
024 _a25,220
037 _cTextual
040 _aFLL
_cFLL
_beng
041 _2eng
_aeng
082 _aZ3:9593, J3.1
100 _aParry David Hughes
_9690378
245 0 _aLaw of executors and administrators
250 _a13th
260 _aLondon
_bStevens & Son Limited UK
_c1953
300 _accxxviii,502p
_ccm.
942 _hZ3:9593, J3.1
_cTEXL
_2CC
999 _c1145581
_d1145581